The Denny's story : (Record no. 5588)
[ view plain ]
| 000 -LEADER | |
|---|---|
| fixed length control field | 01122nac a22002651u 4500 |
| 010 ## - LIBRARY OF CONGRESS CONTROL NUMBER | |
| LC control number | 99047275 |
| 020 ## - INTERNATIONAL STANDARD BOOK NUMBER | |
| International Standard Book Number | 0471369578 (cloth : alk. paper) |
| 082 00 - DEWEY DECIMAL CLASSIFICATION NUMBER | |
| Classification number | 338.76164795 |
| Item number | ADA |
| 090 ## - LOCALLY ASSIGNED LC-TYPE CALL NUMBER (OCLC); LOCAL CALL NUMBER (OCLC) | |
| -- | 5588 |
| -- | 5588 |
| 100 ## - MAIN ENTRY--PERSONAL NAME | |
| Personal name | Adamson, Jim, |
| 245 14 - TITLE STATEMENT | |
| Title | The Denny's story : |
| Remainder of title | how a company in crisis resurrected its good name / |
| Statement of responsibility, etc | Jim Adamson with Robert McNatt and Rosemary Bray McNatt. |
| 246 30 - VARYING FORM OF TITLE | |
| Title proper/short title | How a company in crisis resurrected its good name |
| 260 ## - PUBLICATION, DISTRIBUTION, ETC. (IMPRINT) | |
| Place of publication, distribution, etc | New York : |
| Name of publisher, distributor, etc | Wiley,c.2000. |
| Date of publication, distribution, etc | c.2000. |
| 300 ## - PHYSICAL DESCRIPTION | |
| Extent | xiv, 205 p. : |
| Other physical details | ill. ; |
| Dimensions | 24 cm. |
| 500 ## - GENERAL NOTE | |
| General note | Includes index. |
| 500 ## - GENERAL NOTE | |
| General note | Distributer : Al-Ahram. |
| 511 ## - PARTICIPANT OR PERFORMER NOTE | |
| Participant or performer note | Catalogued By : Mahitab. |
| 610 20 - SUBJECT ADDED ENTRY--CORPORATE NAME | |
| Corporate name or jurisdiction name as entry element | Denny's, Inc. |
| 700 1# - ADDED ENTRY--PERSONAL NAME | |
| Personal name | McNatt, Robert. |
| 700 1# - ADDED ENTRY--PERSONAL NAME | |
| Personal name | McNatt, Rosemary Bray. |
| 856 42 - ELECTRONIC LOCATION AND ACCESS | |
| Materials specified | Contributor biographical information |
| Uniform Resource Identifier | <a href="http://www.loc.gov/catdir/bios/wiley044/99047275.html">http://www.loc.gov/catdir/bios/wiley044/99047275.html</a> |
| 856 42 - ELECTRONIC LOCATION AND ACCESS | |
| Materials specified | Publisher description |
| Uniform Resource Identifier | <a href="http://www.loc.gov/catdir/description/wiley037/99047275.html">http://www.loc.gov/catdir/description/wiley037/99047275.html</a> |
| 856 42 - ELECTRONIC LOCATION AND ACCESS | |
| Materials specified | Table of Contents |
| Uniform Resource Identifier | <a href="http://www.loc.gov/catdir/toc/onix05/99047275.html">http://www.loc.gov/catdir/toc/onix05/99047275.html</a> |
| 942 ## - ADDED ENTRY ELEMENTS (KOHA) | |
| Item type | Book - Borrowing |
| Call number prefix | 338.76164795ADA |
| Withdrawn status | Item status | Damaged status | Not for loan | Home library | Current library | Shelving location | Date acquired | Source of acquisition | Total Checkouts | Full call number | Barcode | Date last seen | Koha item type |
|---|---|---|---|---|---|---|---|---|---|---|---|---|---|
| Central Library | Central Library | First floor | 31/10/2007 | Purchase | 338.76164795ADA | 000007048 | 15/07/2025 | Book - Borrowing |